ARRUPE JESUIT UNIVERSITY

CORONAVIRUS -STOP THE SPREAD - CLEAN,DISINFECT,COVER

Works of Thomas Hill Green ... (Record no. 121110)

MARC details
000 -LEADER
fixed length control field 00728cam a2200229u 4500
001 - CONTROL NUMBER
control field 14002297
003 - CONTROL NUMBER IDENTIFIER
control field ARRUPE
005 - DATE AND TIME OF LATEST TRANSACTION
control field 20141010123258.0
008 - FIXED-LENGTH DATA ELEMENTS--GENERAL INFORMATION
fixed length control field 050614m18891890xx c 000 0aeng
010 ## - LIBRARY OF CONGRESS CONTROL NUMBER
LC control number 01018259
040 ## - CATALOGING SOURCE
Original cataloging agency DLC
Transcribing agency CarP
Modifying agency DLC
050 00 - LIBRARY OF CONGRESS CALL NUMBER
Classification number SPCP B1632
Item number .A2 1893
300 ## - PHYSICAL DESCRIPTION
Dimensions 23 cm.
100 1# - MAIN ENTRY--PERSONAL NAME
Personal name Green, Thomas Hill,
Dates associated with a name 1836-1882.
9 (RLIN) 12134
245 10 - TITLE STATEMENT
Title Works of Thomas Hill Green ...
Statement of responsibility, etc Green, Thomas Hil
250 ## - EDITION STATEMENT
Edition statement 2d ed.
260 ## - PUBLICATION, DISTRIBUTION, ETC. (IMPRINT)
Place of publication, distribution, etc London and New York,
Name of publisher, distributor, etc Longmans, Green, and co.,
Date of publication, distribution, etc 1893.
300 ## - PHYSICAL DESCRIPTION
Extent xliv, 552p.;
650 #0 - SUBJECT ADDED ENTRY--TOPICAL TERM
Topical term or geographic name as entry element Philosophy, Modern.
9 (RLIN) 12135
700 1# - ADDED ENTRY--PERSONAL NAME
Personal name Nettleship, Richard Lewis,
Dates associated with a name 1846-1892,
Relator term ed.
9 (RLIN) 12136
906 ## - LOCAL DATA ELEMENT F, LDF (RLIN)
a 0
b cbc
c premunv
d u
e ncip
f 19
g y-gencatlg
942 ## - ADDED ENTRY ELEMENTS (KOHA)
Source of classification or shelving scheme Library of Congress Classification
Koha item type Monograph ( Printed materials)
Holdings
Withdrawn status Lost status Source of classification or shelving scheme Damaged status Not for loan Collection code Home library Current library Shelving location Date acquired Total Checkouts Full call number Barcode Date last seen Price effective from Koha item type
    Library of Congress Classification     Main Collection ARRUPE LIBRARY ARRUPE LIBRARY Main Collection 10/10/2014   SPCP B1632 .A2 1893 46500001374 10/10/2014 10/10/2014 Monograph ( Printed materials)

 

Arrupe Library. PO Box MP320 Mt Pleasant, Harare, Zimbabwe
263 242 745411|librarian@aju.ac.zw